Vyjadrenie IT nákladov v zmysle business hodnoty

Salvato in:
Dettagli Bibliografici
Autore principale: Záhumenský, Peter
Altri autori: Dugas, Jaroslav, 1967-
Natura: Capitolo di libro
Lingua:slovacco
Tags: Aggiungi Tag
Nessun Tag, puoi essere il primo ad aggiungerne!!

MARC

LEADER 00000nla a2200000 4500
001 0240140
005 20240502073909.6
041 0 |a slo 
044 |a SK 
245 1 0 |a Vyjadrenie IT nákladov v zmysle business hodnoty 
500 |a Abstrakt 
100 1 |a Záhumenský, Peter 
700 1 |a Dugas, Jaroslav, 1967-